How planning can meet the challenges (Record no. 81449)
[ view plain ]
| 000 -LEADER | |
|---|---|
| fixed length control field | 01322cab a22002055a 4500 |
| 001 - CONTROL NUMBER | |
| control field | L147246 |
| 008 - FIXED-LENGTH DATA ELEMENTS--GENERAL INFORMATION | |
| fixed length control field | 090420s2009 enk f 000 0 eng d |
| 035 ## - SYSTEM CONTROL NUMBER | |
| System control number | (Sirsi) u147246 |
| 041 0# - LANGUAGE CODE | |
| Language code of text/sound track or separate title | eng |
| 100 1# - MAIN ENTRY--PERSONAL NAME | |
| Personal name | Rozee, Leonora |
| 245 00 - TITLE STATEMENT | |
| Title | How planning can meet the challenges |
| Remainder of title | in praise of Local Development Frameworks |
| 260 ## - PUBLICATION, DISTRIBUTION, ETC. | |
| Date of publication, distribution, etc. | 2009 |
| 490 ## - SERIES STATEMENT | |
| Series statement | Town and Country Planning Review |
| Volume/sequential designation | 79(6) 2008, 594-622(29) |
| 520 ## - SUMMARY, ETC. | |
| Summary, etc. | Examines the evolution of spatial planning in England introduced by the Planning and Compulsory Purchase Act 2004 based on the Local Development Framework (LDF) system. Considers how key global and national factors impact on the planning system. Summarises the progress made since 2000 to modernise the planning system and the outcomes achieved in relation to the LDF system. Based on evidence gathered from a small number of local authority planners, the benefits of the new system and barriers to its delivery as well as the lessons learned from early plans examined by Planning Inspectors are considered. Concludes with suggestions on what can be done to move the LDF system more quickly. |
| 590 ## - LOCAL NOTE (RLIN) | |
| Local note | KA |
| 650 24 - SUBJECT ADDED ENTRY--TOPICAL TERM | |
| Topical term or geographic name entry element | PLANNING AND COMPULSORY PURCHASE ACT 2004 |
| 651 #4 - SUBJECT ADDED ENTRY--GEOGRAPHIC NAME | |
| Geographic name | England and Wales |
| Chronological subdivision | 1543- |
| 690 ## - LOCAL SUBJECT ADDED ENTRY--TOPICAL TERM (OCLC, RLIN) | |
| Topical term or geographic name as entry element | ENVIRONMENTAL AND LAND CONSULTANCY-PLANNING AND DEVELOPMENT |
| 942 ## - ADDED ENTRY ELEMENTS (KOHA) | |
| Suppress in OPAC | 0 |
No items available.